HANDBOOK OF PHARMACY MANAGEMENT STANDARD OPERATING PROCEDURES (Record no. 224045)
[ view plain ]
| 000 -LEADER | |
|---|---|
| fixed length control field | 00311 a2200109 4500 |
| 005 - DATE AND TIME OF LATEST TRANSACTION | |
| control field | 20260312143114.0 |
| 020 ## - INTERNATIONAL STANDARD BOOK NUMBER | |
| International Standard Book Number | 9789389396249 |
| 100 ## - MAIN ENTRY--PERSONAL NAME | |
| Personal name | SHARMA, SANGEETA |
| 245 ## - TITLE STATEMENT | |
| Title | HANDBOOK OF PHARMACY MANAGEMENT STANDARD OPERATING PROCEDURES |
| 260 ## - PUBLICATION, DISTRIBUTION, ETC. | |
| Name of publisher, distributor, etc. | C.B.S. PUBLISHERS & DISTRIBUTORS, NEWDELHI |
| Date of publication, distribution, etc. | 2021 |
| 942 ## - ADDED ENTRY ELEMENTS (KOHA) | |
| Koha item type | Book |
| Withdrawn status | Lost status | Source of classification or shelving scheme | Damaged status | Not for loan | Home library | Current library | Shelving location | Date acquired | Total Checkouts | Barcode | Date last seen | Price effective from | Koha item type |
|---|---|---|---|---|---|---|---|---|---|---|---|---|---|
| Dewey Decimal Classification | Mewar University Central Library | Mewar University Central Library | Pharmacy | 16/03/2026 | PH6841 | 16/03/2026 | 16/03/2026 | Book | |||||
| Dewey Decimal Classification | Mewar University Central Library | Mewar University Central Library | Pharmacy | 16/03/2026 | PH6842 | 16/03/2026 | 16/03/2026 | Book | |||||
| Dewey Decimal Classification | Mewar University Central Library | Mewar University Central Library | Pharmacy | 16/03/2026 | PH6843 | 16/03/2026 | 16/03/2026 | Book |